<?xml version="1.0" encoding="UTF-8"?>
<record
    xmlns:xsi="http://www.w3.org/2001/XMLSchema-instance"
    xsi:schemaLocation="http://www.loc.gov/MARC21/slim http://www.loc.gov/standards/marcxml/schema/MARC21slim.xsd"
    xmlns="http://www.loc.gov/MARC21/slim">

  <leader>02046nam a2200325 i 4500</leader>
  <controlfield tag="003">DO-SdBNP</controlfield>
  <controlfield tag="005">20260224132627.0</controlfield>
  <controlfield tag="007">ta</controlfield>
  <controlfield tag="008">260224e2025    dr fr|p|r||||||0| | spa d</controlfield>
  <datafield tag="022" ind1=" " ind2=" ">
    <subfield code="a">3117-2628</subfield>
  </datafield>
  <datafield tag="022" ind1=" " ind2=" ">
    <subfield code="a">-e: 3117-2636</subfield>
  </datafield>
  <datafield tag="040" ind1=" " ind2=" ">
    <subfield code="a">DO-SdBNP</subfield>
    <subfield code="b">spa</subfield>
    <subfield code="c">BNPHU</subfield>
    <subfield code="e">rda</subfield>
  </datafield>
  <datafield tag="041" ind1=" " ind2=" ">
    <subfield code="a">spa</subfield>
  </datafield>
  <datafield tag="110" ind1=" " ind2=" ">
    <subfield code="a">Sociedad Dominicana de Urolog&#xED;a (SDU)</subfield>
    <subfield code="9">89079</subfield>
  </datafield>
  <datafield tag="222" ind1=" " ind2=" ">
    <subfield code="a">Revista Cient&#xED;fica</subfield>
  </datafield>
  <datafield tag="245" ind1=" " ind2=" ">
    <subfield code="a">Revista Cient&#xED;fica de la Sociedad Dominicana de Urolog&#xED;a (SDU). </subfield>
  </datafield>
  <datafield tag="264" ind1=" " ind2=" ">
    <subfield code="a">Santo Domingo, Rep&#xFA;blica Dominicana : </subfield>
    <subfield code="b">Sociedad Dominicana de Urolog&#xED;a (SDU), </subfield>
    <subfield code="c">2025.</subfield>
  </datafield>
  <datafield tag="300" ind1=" " ind2=" ">
    <subfield code="a">volumen : </subfield>
    <subfield code="b">ilustraciones, fotograf&#xED;as, gr&#xE1;ficas ; </subfield>
    <subfield code="c">27 cm.</subfield>
  </datafield>
  <datafield tag="310" ind1=" " ind2=" ">
    <subfield code="a">Semestral.</subfield>
  </datafield>
  <datafield tag="336" ind1=" " ind2=" ">
    <subfield code="a">texto</subfield>
    <subfield code="b">txt</subfield>
    <subfield code="2">rdacontent</subfield>
  </datafield>
  <datafield tag="337" ind1=" " ind2=" ">
    <subfield code="a">sin mediaci&#xF3;n </subfield>
    <subfield code="b">n</subfield>
    <subfield code="2">rdamedia</subfield>
  </datafield>
  <datafield tag="338" ind1=" " ind2=" ">
    <subfield code="a">volumen</subfield>
    <subfield code="b">nc</subfield>
    <subfield code="2">rdacarrier</subfield>
  </datafield>
  <datafield tag="362" ind1=" " ind2=" ">
    <subfield code="a">Volumen 1. N&#xFA;mero 1, julio-diciembre 2025.</subfield>
  </datafield>
  <datafield tag="500" ind1=" " ind2=" ">
    <subfield code="a">Catalogaci&#xF3;n basada en el: Volumen 1. N&#xFA;mero 1, julio-diciembre 2025.</subfield>
  </datafield>
  <datafield tag="520" ind1=" " ind2=" ">
    <subfield code="a">La Revista Cient&#xED;fica de la Sociedad Dominicana de Urolog&#xED;a (SDU) es una publicaci&#xF3;n oficial de investigaci&#xF3;n cient&#xED;fica en urolog&#xED;a, lanzada en 2025. Esta revista, de acceso abierto y revisada por pares, tiene como objetivo compartir conocimiento cient&#xED;fico con la comunidad urol&#xF3;gica nacional e internacional. La primera edici&#xF3;n incluye trabajos sobre t&#xE9;cnicas de nefroureterectom&#xED;a radical, an&#xE1;lisis de c&#xE1;lculos renales, trasplante renal y casos poco frecuentes como carcinoma de c&#xE9;lulas escamosas de ri&#xF1;&#xF3;n o met&#xE1;stasis penianas derivadas de c&#xE1;ncer de pr&#xF3;stata. La SDU invita a ur&#xF3;logos, residentes y profesionales de la salud a preparar sus manuscritos para futuras ediciones, contribuyendo al progreso m&#xE9;dico en Rep&#xFA;blica Dominicana y la regi&#xF3;n. </subfield>
  </datafield>
  <datafield tag="650" ind1=" " ind2="0">
    <subfield code="a">Urolog&#xED;a</subfield>
    <subfield code="v">Publicaciones peri&#xF3;dicas </subfield>
    <subfield code="z">Rep&#xFA;blica Dominicana</subfield>
    <subfield code="9">89080</subfield>
  </datafield>
  <datafield tag="650" ind1=" " ind2="0">
    <subfield code="a">C&#xE1;ncer de pr&#xF3;stata</subfield>
    <subfield code="v">Publicaciones peri&#xF3;dicas </subfield>
    <subfield code="z">Rep&#xFA;blica Dominicana</subfield>
    <subfield code="9">89081</subfield>
  </datafield>
  <datafield tag="650" ind1=" " ind2="0">
    <subfield code="a">Enfermedades renales</subfield>
    <subfield code="v">Publicaciones peri&#xF3;dicas </subfield>
    <subfield code="z">Rep&#xFA;blica Dominicana</subfield>
    <subfield code="9">18208</subfield>
  </datafield>
  <datafield tag="942" ind1=" " ind2=" ">
    <subfield code="2">ddc</subfield>
    <subfield code="c">ISSUE</subfield>
  </datafield>
  <datafield tag="952" ind1=" " ind2=" ">
    <subfield code="0">0</subfield>
    <subfield code="1">0</subfield>
    <subfield code="2">ddc</subfield>
    <subfield code="4">0</subfield>
    <subfield code="5">6</subfield>
    <subfield code="7">0</subfield>
    <subfield code="8">SE</subfield>
    <subfield code="a">BNPHU</subfield>
    <subfield code="b">BNPHU</subfield>
    <subfield code="d">2026-02-24</subfield>
    <subfield code="h">Volumen 1. No. 1, julio-diciembre 2025</subfield>
    <subfield code="l">0</subfield>
    <subfield code="p">2026-1546</subfield>
    <subfield code="r">2026-02-24</subfield>
    <subfield code="t">e.1</subfield>
    <subfield code="w">2026-02-24</subfield>
    <subfield code="y">ISSUE</subfield>
  </datafield>
  <datafield tag="952" ind1=" " ind2=" ">
    <subfield code="0">0</subfield>
    <subfield code="1">0</subfield>
    <subfield code="2">ddc</subfield>
    <subfield code="4">0</subfield>
    <subfield code="5">6</subfield>
    <subfield code="7">0</subfield>
    <subfield code="8">SE</subfield>
    <subfield code="a">BNPHU</subfield>
    <subfield code="b">BNPHU</subfield>
    <subfield code="d">2026-02-24</subfield>
    <subfield code="h">Volumen 1. No. 1, julio-diciembre 2025</subfield>
    <subfield code="l">0</subfield>
    <subfield code="p">2026-1547</subfield>
    <subfield code="r">2026-02-24</subfield>
    <subfield code="t">e.2</subfield>
    <subfield code="w">2026-02-24</subfield>
    <subfield code="y">ISSUE</subfield>
  </datafield>
  <datafield tag="952" ind1=" " ind2=" ">
    <subfield code="0">0</subfield>
    <subfield code="1">0</subfield>
    <subfield code="2">ddc</subfield>
    <subfield code="4">0</subfield>
    <subfield code="5">6</subfield>
    <subfield code="7">0</subfield>
    <subfield code="8">SE</subfield>
    <subfield code="a">BNPHU</subfield>
    <subfield code="b">BNPHU</subfield>
    <subfield code="d">2026-02-24</subfield>
    <subfield code="h">Volumen 1. No. 1, julio-diciembre 2025</subfield>
    <subfield code="l">0</subfield>
    <subfield code="p">2026-1548</subfield>
    <subfield code="r">2026-02-24</subfield>
    <subfield code="t">e.3</subfield>
    <subfield code="w">2026-02-24</subfield>
    <subfield code="y">ISSUE</subfield>
  </datafield>
  <datafield tag="999" ind1=" " ind2=" ">
    <subfield code="c">60387</subfield>
    <subfield code="d">60387</subfield>
  </datafield>
</record>
